[Event "Pan American Intercollegiate-chT"]
[Site "Dulles"]
[Date "2022.01.06"]
[Round "1.3"]
[White "Eswaran, Pranav"]
[Black "Matviishen, Viktor"]
[Result "0-1"]
[WhiteElo "1422"]
[BlackElo "2507"]
[PlyCount "76"]
[EventDate "2022.01.06"]
[EventType "team-swiss"]
[EventRounds "6"]
[EventCountry "USA"]
[SourceTitle "EXT 2023"]
[Source "ChessBase"]
[SourceDate "2022.10.05"]
[SourceVersion "1"]
[SourceVersionDate "2022.10.05"]
[SourceQuality "1"]
[WhiteTeam "Texas Austin Univ III"]
[BlackTeam "Texas Tech Univ"]
[WhiteTeamCountry "USA"]
[BlackTeamCountry "USA"]

1. e4 e5 2. Nf3 Nc6 3. Bc4 Bc5 4. c3 Nf6 5. d4 exd4 6. b4 Be7 7. e5 Ne4 8. Nxd4 Nxe5 9. Bd5 Nf6 10. Nf5 0-0 11. 0-0 d6 12. Nxe7+ Qxe7 13. Bg5 h6 14. Bh4 Ng6 15. Re1 Qd8 16. Bxf6 Qxf6 17. Qc2 Nf4 18. Bf3 Bf5 19. Qd2 Nd3 20. Re3 Nxb4 21. Na3 c6 22. Rae1 Na6 23. Re7 Nc5 24. Nc4 d5 25. Na5 Be4 26. Rc7 Bxf3 27. gxf3 Rae8 28. Rxe8 Rxe8 29. Nxb7 Qg6+ 30. Kf1 Qb1+ 31. Kg2 Nxb7 32. Qf4 Qg6+ 33. Kf1 Nc5 34. Qg3 Qb1+ 35. Kg2 Re1 36. Qd6 Rg1+ 37. Kh3 Qf5+ 38. Kh4 Qg5+ 0-1